¿Libertad de qué? ¿Liberarse para qué? Notas sobre el marxismo, anti-capitalismo y psicología de la liberación /
Sábháilte in:
| Príomhchruthaitheoir: | |
|---|---|
| Formáid: | Anaithnid |
| Foilsithe / Cruthaithe: |
San José:
Editorial UCR
|
| Clibeanna: |
Cuir clib leis
Níl clibeanna ann, Bí ar an gcéad duine le clib a chur leis an taifead seo!
|
MARC
| LEADER | 00000 a2200000 04500 | ||
|---|---|---|---|
| 001 | 35876 | ||
| 003 | cru CIDCACS/IIS | ||
| 005 | 20170512165204.0 | ||
| 008 | 991231s d | ||
| 020 | |a 978-9968-46-034-7 | ||
| 022 | |a 978-9968-46-034-7 | ||
| 040 | |c CIDCACS/IIS | ||
| 090 | |a PS05.01.01 D633p | ||
| 100 | 1 | |a Lacerda Jr., Fernando |9 4721 | |
| 245 | |a ¿Libertad de qué? ¿Liberarse para qué? Notas sobre el marxismo, anti-capitalismo y psicología de la liberación / |c Fernando Lacerda Jr. | ||
| 260 | |a San José: |b Editorial UCR | ||
| 300 | |a Páginas 201-208 | ||
| 942 | |2 ddc |c LI | ||
| 773 | 0 | |0 166 |9 816 |a Dobles Oropeza, Ignacio |d San José: Editorial UCR |o 03436 |t Psicología de la liberación en le contexto de la globalización neoliberal: |w (cru CIDCACS/IIS)35869 |x 978-9968-46-034-7 |z 978-9968-46-034-7 | |
| 999 | |c 9820 |d 9820 | ||



